000 00407nam a2200145Ia 4500
008 150201s2002 xx 000 0 und d
082 _a617.69
_bR2002M
100 _aMCGIVNEY
245 _aMcCRACKENS REMOVABLE PARTIAL PROSTHODONTICS
250 _a10TH
260 _bHARCOURT INDIA PRIVATE LIMITED
_aGREATER KAILASH-2( NEW DELHI)
_c2002
300 _a1-542
650 _aPROSTHODONTICS
942 _2ddc
_cBK
_04
999 _c2704
_d2704